01617nam0a2200337 4500001002000000005001700020010001800037021001900055035002400074035002600098100004100124101001300165102000700178105001800185200021900203210005100422215002700473225006700500300011700567454022400684606008700908610001700995610003801012686003001050686001501080700003901095701005401134801005701188801000701245801002701252RU\NLR\bibl\113380120250615071857.0 a5-9524-1650-0 aRUb2007-54592 a(nilc)EL/0000083758 a(NLR Aleph) 001120698 a20060920d2005 |||y0rusy50 ca1 arusceng aRU aa |||||||||1 aДомашний настольный справочник по дрессировке собакfТомас А. Нотт, Долорес Оден Куперg[пер. с англ. Е.В. Нетесовой] aМоскваcЦентрполиграфd2005 a284,[1] с.cил.d211 aРекомендации лучших специалистов aЗагл. и авт. ориг.: The Complete Handbook of Dog Training / Thomas A. Knott with Dolores Oden Cooper 012001#$aThe Complete Handbook of Dog Training$fThomas A. Knott with Dolores Oden Cooper1700#1$aKnott$bT. A.$gThomas A$40701701#1$aCooper$bD. O.$gDolores Oden$4070tThe Complete Handbook of Dog TrainingaKnott, Thomas A1 aСобакиjСправочникиxДрессировка3RU\NLR\auth\662112851 aсобаки1 aдрессировка собак a46.72-5z22vLBC/RL2rubbk aП673-5я2 1aНоттbТ. А.gТомас4070 1aКуперbД. О.gДолорес Оден4070 1aRUbВладимирская ОУНБc20060920gRCR 1aRU 2aRUbNLRc20070927grcr